000 00932nam a2200181Ia 4500
008 151202s9999||||xx |||||||||||||| ||und||
082 _bPNVM-72709
100 _aजोशी मनोहर गजानन.
245 _a"शिवसेनेची निर्मिती,वाढ,स्वरुप,यशापयश आणि भवितव्य."
260 _b"नवचैतन्य प्रकाशन,बोरोवली."
260 _c72709
300 _a279
600 _aजोशी मनोहर गजानन.
630 _a"शिवसेनेची निर्मिती,वाढ,स्वरुप,यशापयश आणि भवितव्य."
700 _aजोशी मनोहर गजानन.
730 _a"शिवसेनेची निर्मिती,वाढ,स्वरुप,यशापयश आणि भवितव्य."
942 _cBOOK
999 _c1339374
_d1339371